LIBRARY & INFORMATION CENTRE, KCAET, TAVANUR

ONLINE PUBLIC ACCESS CATALOGUE (OPAC)

Text book of light / (Record no. 11306)

MARC details
000 -LEADER
fixed length control field 00383cam a2200157ua 4500
041 ## - LANGUAGE CODE
Language code of text/sound track or separate title eng
082 ## - DEWEY DECIMAL CLASSIFICATION NUMBER
Classification number 535
Item number NOA/TE
100 ## - MAIN ENTRY--AUTHOR NAME
Personal name Naokes, G R .
245 ## - TITLE STATEMENT
Title Text book of light /
260 ## - PUBLICATION, DISTRIBUTION, ETC. (IMPRINT)
Place of publication London :
Name of publisher MacMillan and Company Limited ,
Year of publication 1962.
300 ## - PHYSICAL DESCRIPTION
Number of Pages 355 ; .
650 ## - SUBJECT ADDED ENTRY--TOPICAL TERM
Topical Term Light
942 ## - ADDED ENTRY ELEMENTS (KOHA)
Koha item type Books
Holdings
Withdrawn status Lost status Damaged status Home library Current library Date acquired Full call number Accession Number Koha item type
      KAUAET KAUAET 07/04/2012 535 NOA/TE 3160 Books
free website counter